|
|
|
|
| LEADER |
00000nas a2200000 a 4500 |
| 001 |
ssj0000959 |
| 003 |
WaSeSS |
| 005 |
20200512172242.0 |
| 006 |
m d |
| 007 |
cr n |
| 008 |
001020c19449999dcuqr pss o 0 a0eng c |
| 010 |
|
|
|a 2001212262
|
| 016 |
7 |
|
|a 021513139
|2 DE-101
|
| 016 |
7 |
|
|a 2041133-9
|2 DE-600
|
| 016 |
7 |
|
|a 20411339
|2 de-600
|
| 016 |
7 |
|
|a 017163055
|2 Uk
|
| 022 |
|
|
|a 1533-6247
|l 0003-1615
|y 0003-1615
|
| 035 |
|
|
|a (WaSeSS)ssj0000959
|
| 037 |
|
|
|b Project Muse, The Johns Hopkins University Press, 2715 N. Charles Street, Baltimore, Maryland 21211
|
| 040 |
|
|
|a JHE
|b eng
|e pn
|c JHE
|d NSD
|d EYM
|d IUL
|d OCLCQ
|d EYM
|d OCLCQ
|d F#A
|d DOS
|d AZU
|d CNTRU
|d OCLCQ
|d GBVCP
|d OCLCO
|d OCLCF
|d OCLCO
|d OCLCQ
|d DEBBG
|d EZC
|d GILDS
|d OCLCO
|d TOF
|d UKMGB
|d VT2
|d DLC
|d WaSeSS
|
| 042 |
|
|
|a nsdp
|a pcc
|
| 043 |
|
|
|a n-us---
|a cl-----
|a s------
|
| 050 |
0 |
0 |
|a E11
|
| 082 |
1 |
0 |
|a 970
|2 13
|
| 130 |
0 |
|
|a Americas (Academy of American Franciscan History : Online)
|
| 210 |
0 |
|
|a Americas - Acad. Am. Francisc. Hist.
|b (Online)
|
| 222 |
|
4 |
|a The Americas - Academy of American Franciscan History
|b (Online)
|
| 245 |
1 |
4 |
|a The Americas
|h [electronic resource].
|
| 260 |
|
|
|a Washington, D.C. :
|b Academy of American Franciscan History,
|c 1944-
|
| 310 |
|
|
|a Quarterly
|
| 362 |
0 |
|
|a Vol. 1, no. 1 (July 1944)-
|
| 500 |
|
|
|a "A quarterly review of inter-American cultural history."
|
| 500 |
|
|
|a Title from title screen (JSTOR, viewed Feb. 11, 2004).
|
| 506 |
|
|
|a License restrictions may limit access.
|
| 538 |
|
|
|a Mode of access: World Wide Web.
|
| 588 |
|
|
|a Latest issue consulted: Vol. 77, no. 1 (Jan. 2020) (Cambridge Core, viewed March 23, 2020).
|
| 650 |
|
7 |
|a International relations.
|2 fast
|0 (OCoLC)fst00977053
|
| 651 |
|
0 |
|a America
|x History
|v Periodicals.
|
| 651 |
|
0 |
|a Latin America
|x History
|v Periodicals.
|
| 651 |
|
0 |
|a United States
|x Relations
|z Latin America
|v Periodicals.
|
| 651 |
|
0 |
|a Latin America
|x Relations
|z United States
|v Periodicals.
|
| 651 |
|
7 |
|a America.
|2 fast
|0 (OCoLC)fst01239786
|
| 651 |
|
7 |
|a Latin America.
|2 fast
|0 (OCoLC)fst01245945
|
| 651 |
|
7 |
|a United States.
|2 fast
|0 (OCoLC)fst01204155
|
| 651 |
|
7 |
|a AMERICA LATINA
|x HISTORIA
|x PUBLICACIONES PERIODICAS.
|2 renib
|
| 651 |
|
7 |
|a ESTADOS UNIDOS
|x RELACIONES EXTERIORES
|z AMERICA LATINA
|x PUBLICACIONES PERIODICAS.
|2 renib
|
| 651 |
|
7 |
|a AMERICA LATINA
|x RELACIONES
|x ESTADOS UNIDOS
|x PUBLICACIONES PERIODICAS.
|2 renib
|
| 655 |
|
0 |
|a Electronic journals.
|
| 710 |
2 |
|
|a Academy of American Franciscan History.
|
| 776 |
1 |
|
|t Americas (Academy of American Franciscan History)
|x 0003-1615
|w (DLC) 46007807
|w (OCoLC)1481001
|
| 850 |
|
|
|a DLC
|
| 856 |
4 |
0 |
|z Full text available from Research Library: 07/01/2004 to 1 year ago
|u https://search.proquest.com/publication/32517
|
| 856 |
4 |
0 |
|z Full text available from PRISMA Database with HAPI Index: 01/01/2005 to 04/30/2017
|u https://search.proquest.com/publication/11188
|